• AIU
  • Tony Wilmot Memorial Library

The crisis of mission in Africa (Record no. 60934)

MARC details
000 -LEADER
fixed length control field 00653nam a2200241 4500
001 - CONTROL NUMBER
control field 3650548
003 - CONTROL NUMBER IDENTIFIER
control field OSt
005 - DATE AND TIME OF LATEST TRANSACTION
control field 20141209120946.0
008 - FIXED-LENGTH DATA ELEMENTS--GENERAL INFORMATION
fixed length control field 730108s1971 ug 000 0 eng
010 ## - LIBRARY OF CONGRESS CONTROL NUMBER
LC control number 75981820
040 ## - CATALOGING SOURCE
Original cataloging agency DLC
Transcribing agency DLC
Modifying agency DLC
043 ## - GEOGRAPHIC AREA CODE
Geographic area code f------
050 00 - LIBRARY OF CONGRESS CALL NUMBER
Classification number BV3500
Item number .M444
100 1# - MAIN ENTRY--PERSONAL NAME
Personal name Mbiti, John S.
9 (RLIN) 34264
245 14 - TITLE STATEMENT
Title The crisis of mission in Africa
Statement of responsibility, etc [by John S. Mbiti]
260 ## - PUBLICATION, DISTRIBUTION, ETC. (IMPRINT)
Place of publication, distribution, etc Mukono,
Name of publisher, distributor, etc Uganda Church Press
Date of publication, distribution, etc [c1971]
300 ## - PHYSICAL DESCRIPTION
Extent vi, 10 p.
Dimensions 22 cm.
350 ## - PRICE (NR) (BK AM CF MU VM SE) [OBSOLETE]
Price 2/-
500 ## - GENERAL NOTE
General note [Africana]
650 #0 - SUBJECT ADDED ENTRY--TOPICAL TERM
Topical term or geographic name as entry element Missions
Geographic subdivision Africa.
9 (RLIN) 34265
906 ## - LOCAL DATA ELEMENT F, LDF (RLIN)
a 7
b cbc
c orignew
d 4
e ncip
f 19
g y-gencatlg
942 ## - ADDED ENTRY ELEMENTS (KOHA)
Source of classification or shelving scheme Library of Congress Classification
Koha item type Africana collection (General)
Holdings
Withdrawn status Lost status Source of classification or shelving scheme Damaged status Not for loan Collection code Home library Current library Shelving location Date acquired Source of acquisition Cost, normal purchase price Total Checkouts Full call number Barcode Date last seen Date checked out Copy number Price effective from Koha item type
    Library of Congress Classification     Pamphlets AIU/NEGST - Tony Wilmot Memorial Library AIU/NEGST - Tony Wilmot Memorial Library Pamphlets 12/09/2014 Donation- Jon Bonk 1.00 1 PAM BV 3500.M444 1971 R31710K3232 06/05/2018 05/31/2018 1 12/09/2014 Africana collection (General)